[Event "FRA-ch Blitz Online Qual"]
[Site "Europe Echecs INT"]
[Date "2020.05.16"]
[Round "10"]
[White "Mamedov, Rauf"]
[Black "Bijaoui, Manuel"]
[Result "1-0"]
[WhiteElo "2654"]
[BlackElo "2411"]
[PlyCount "80"]
[EventDate "2020.05.16"]
[EventType "swiss (blitz)"]
[EventRounds "15"]
[EventCountry "FRA"]
[SourceTitle "CBM 196 Extra"]
[Source "ChessBase"]
[SourceDate "2020.07.31"]
[SourceVersion "1"]
[SourceVersionDate "2020.07.31"]
[SourceQuality "1"]

1. e4 c5 2. Nf3 d6 3. Nc3 Nf6 4. e5 dxe5 5. Nxe5 Nbd7 6. d4 e6 7. Bb5 a6 8. Bxd7+ Nxd7 9. Qh5 g6 10. Qf3 Qf6 11. Qxf6 Nxf6 12. Bg5 Ng8 13. Be3 Bg7 14. 0-0-0 cxd4 15. Bxd4 Ne7 16. Nc4 0-0 17. Bxg7 Kxg7 18. Nb6 Rb8 19. Rhe1 Nc6 20. Ne4 e5 21. Nc5 Re8 22. f3 h5 23. h4 Bf5 24. c3 Re7 25. b4 Rbe8 26. Nd5 f6 27. Nxe7 Rxe7 28. Rd6 Na7 29. a4 Nc8 30. Rd8 Nb6 31. Rb8 Kf7 32. a5 Nd5 33. Kb2 Nf4 34. Rd1 Nxg2 35. Rxb7 Nxh4 36. b5 Nxf3 37. bxa6 e4 38. Rxe7+ Kxe7 39. a7 e3 40. a8Q Ne5 1-0

[Event "FRA-ch Blitz Online Qual"]
[Site "Europe Echecs INT"]
[Date "2020.05.16"]
[Round "8"]
[White "Sesia, Noah"]
[Black "Bijaoui, Manuel"]
[Result "0-1"]
[WhiteElo "1822"]
[BlackElo "2411"]
[PlyCount "90"]
[EventDate "2020.05.16"]
[EventType "swiss (blitz)"]
[EventRounds "15"]
[EventCountry "FRA"]
[SourceTitle "CBM 196 Extra"]
[Source "ChessBase"]
[SourceDate "2020.07.31"]
[SourceVersion "1"]
[SourceVersionDate "2020.07.31"]
[SourceQuality "1"]

1. d4 Nf6 2. Bf4 g6 3. Nc3 d5 4. Qd2 c6 5. f3 b5 6. a3 Nbd7 7. e4 Nb6 8. e5 Nh5 9. Bh6 Ng7 10. b3 a5 11. Nd1 f6 12. Bd3 Bf5 13. Ne2 Qd7 14. Ne3 Bxd3 15. Qxd3 fxe5 16. dxe5 Ne6 17. Bxf8 Rxf8 18. 0-0 d4 19. Ng4 Nd5 20. Rad1 c5 21. c3 Ndf4 22. Nxf4 Rxf4 23. cxd4 Rxd4 24. Qe2 Nf4 25. Qe1 0-0-0 26. Rxd4 Qxd4+ 27. Qf2 Ne2+ 28. Kh1 Qxf2 29. Nxf2 Nd4 30. b4 axb4 31. axb4 cxb4 32. Nd3 b3 33. h3 Nc2 34. Nb2 Rd2 35. Nd1 Kd7 36. Kg1 Ke6 37. Nf2 b2 38. Rb1 Ne3 39. Ne4 Rxg2+ 40. Kh1 Rc2 41. Ng5+ Kxe5 42. f4+ Kxf4 43. Ne6+ Kg3 44. Nd4 Rc1+ 45. Rxc1 bxc1Q# 0-1

[Event "FRA-ch Accession"]
[Site "Chartres"]
[Date "2019.08.23"]
[Round "7"]
[White "Bijaoui, Manuel"]
[Black "Stephan, Victor"]
[Result "0-1"]
[WhiteElo "2433"]
[BlackElo "2413"]
[PlyCount "40"]
[EventDate "2019.08.17"]
[EventType "swiss"]
[EventRounds "9"]
[EventCountry "FRA"]
[SourceTitle "EXT 2020"]
[Source "ChessBase"]
[SourceDate "2019.10.17"]
[SourceVersion "1"]
[SourceVersionDate "2019.10.17"]
[SourceQuality "1"]

1. e4 e5 2. Nf3 Nf6 3. Nxe5 d6 4. Nf3 Nxe4 5. d4 d5 6. Bd3 Nc6 7. 0-0 Be7 8. Re1 Bf5 9. c4 Nb4 10. Bf1 dxc4 11. g4 Bg6 12. Ne5 Nxf2 13. Kxf2 Bh4+ 14. Kg1 Bxe1 15. Nxg6 Bf2+ 16. Kxf2 hxg6 17. Qe1+ Kd7 18. Qxb4 Qf6+ 19. Kg1 Qxd4+ 20. Kh1 Rxh2+ 0-1

[Event "Le Port Marly blitz op"]
[Site "Le Port Marly"]
[Date "2019.01.05"]
[Round "5"]
[White "Bijaoui, Manuel"]
[Black "Karagyozian, Edgar"]
[Result "1-0"]
[WhiteElo "2427"]
[BlackElo "2199"]
[PlyCount "125"]
[EventDate "2019.01.05"]
[EventType "swiss (blitz)"]
[EventRounds "11"]
[EventCountry "FRA"]
[SourceTitle "CBM 188 Extra"]
[Source "ChessBase"]
[SourceDate "2019.02.26"]
[SourceVersion "1"]
[SourceVersionDate "2019.02.26"]
[SourceQuality "1"]

1. Nf3 d5 2. g3 Nf6 3. Bg2 c6 4. 0-0 Bg4 5. Ne5 Bf5 6. d4 Nbd7 7. c4 e6 8. Nc3 Be7 9. h3 h6 10. Qb3 Qb6 11. Nxd7 Nxd7 12. e4 Qxb3 13. axb3 dxe4 14. Nxe4 Nf6 15. Nc3 Bc2 16. d5 cxd5 17. cxd5 exd5 18. Nxd5 Nxd5 19. Bxd5 0-0 20. Be3 Rad8 21. Bxb7 Bxb3 22. Rxa7 Bf6 23. Bc6 Rc8 24. Bg2 Rc2 25. Rb7 Rxb2 26. Bc1 Rb1 27. Be4 Rxc1 28. Rxc1 Be6 29. Kg2 g6 30. Rb5 Kg7 31. Bd5 Re8 32. Bxe6 Rxe6 33. Rb7 Bd4 34. Rd1 Bc5 35. Rd5 Ba3 36. Rdd7 Rf6 37. Rd3 Bc5 38. Rf3 Bd4 39. Rxf6 Bxf6 40. f4 h5 41. Kf3 Bd4 42. Ke4 Bf2 43. Rb3 Be1 44. f5 g5 45. Kf3 Ba5 46. Rb5 Bd8 47. Rd5 Be7 48. Rd7 Kf6 49. g4 hxg4+ 50. hxg4 Bc5 51. Ke4 Bf8 52. Kd5 Bb4 53. Rb7 Ba3 54. Rb6+ Kg7 55. Ra6 Bb2 56. Kd6 Kf6 57. Kd7+ Ke5 58. Ke7 f6 59. Rxf6 Kf4 60. Ra6 Kxg4 61. f6 Kf4 62. f7 Bg7 63. Rg6 1-0

[Event "Le Port Marly blitz op"]
[Site "Le Port Marly"]
[Date "2019.01.05"]
[Round "7"]
[White "Bijaoui, Manuel"]
[Black "Shchekachev, Andrei"]
[Result "0-1"]
[WhiteElo "2427"]
[BlackElo "2572"]
[PlyCount "119"]
[EventDate "2019.01.05"]
[EventType "swiss (blitz)"]
[EventRounds "11"]
[EventCountry "FRA"]
[SourceTitle "CBM 188 Extra"]
[Source "ChessBase"]
[SourceDate "2019.02.26"]
[SourceVersion "1"]
[SourceVersionDate "2019.02.26"]
[SourceQuality "1"]

1. e4 Nc6 2. Nf3 d6 3. d4 Nf6 4. Nc3 g6 5. Be2 Bg7 6. 0-0 0-0 7. h3 e5 8. dxe5 dxe5 9. Be3 Qe7 10. Nd5 Nxd5 11. Qxd5 Be6 12. Qc5 Qxc5 13. Bxc5 Rfd8 14. c3 f6 15. Be3 b6 16. Nd2 Na5 17. b4 Nb7 18. Bc4 Kf7 19. a4 a5 20. b5 Bf8 21. Bxe6+ Kxe6 22. Nb3 Nd6 23. Nd2 Nb7 24. Nb3 Rd3 25. Rfc1 Rad8 26. Kf1 f5 27. Ke2 fxe4 28. Bg5 Be7 29. Be3 R3d7 30. Rc2 Nd6 31. Nd2 h6 32. c4 Bg5 33. c5 Bxe3 34. fxe3 bxc5 35. Rxc5 Nxb5 36. Nxe4 Nd6 37. Nxd6 Rxd6 38. Ra2 Rd5 39. Rxc7 R8d7 40. Rc6+ R7d6 41. Rac2 Rd2+ 42. Rxd2 Rxc6 43. Kf3 Rc4 44. Ra2 h5 45. g3 Kf5 46. h4 Rb4 47. Rc2 Rxa4 48. Rc5 Kf6 49. Rc6+ Kf5 50. Rc5 Ra3 51. Rb5 a4 52. Ra5 Kf6 53. Ra6+ Kf5 54. Ra5 Ra1 55. e4+ Kf6 56. Ra6+ Kg7 57. Ra5 a3 58. Ke2 a2 59. Ra7+ Kh6 60. Ra6 0-1

[Event "FRA-chT Top 12"]
[Site "Drancy"]
[Date "2016.06.06"]
[Round "10.3"]
[White "Bijaoui, Manuel"]
[Black "Stevic, Hrvoje"]
[Result "0-1"]
[WhiteElo "2406"]
[BlackElo "2607"]
[PlyCount "84"]
[EventDate "2016.05.28"]
[EventType "team-tourn"]
[EventRounds "11"]
[EventCountry "FRA"]
[SourceTitle "CBM 172 Extra"]
[Source "ChessBase"]
[SourceDate "2016.06.21"]
[SourceVersion "1"]
[SourceVersionDate "2016.06.21"]
[SourceQuality "1"]
[WhiteTeam "Drancy Cavalier Bleu"]
[BlackTeam "Nice Alekhine"]
[WhiteTeamCountry "FRA"]
[BlackTeamCountry "FRA"]

1. e4 e5 2. Nf3 Nc6 3. Bb5 a6 4. Ba4 d6 5. c3 Bd7 6. d4 g6 7. 0-0 Bg7 8. Be3 Nf6 9. Nbd2 0-0 10. Re1 Re8 11. Bb3 h6 12. dxe5 dxe5 13. a4 Qe7 14. Qc2 Ng4 15. Nf1 Nxe3 16. Nxe3 Rac8 17. Rad1 Nb8 18. Rd3 Red8 19. Red1 Be8 20. Nd5 Qc5 21. Qd2 Rd7 22. Nxe5 Bxe5 23. Qxh6 c6 24. Qg5 cxd5 25. Qxe5 dxe4 26. Qxe4 Qf5 27. Qxf5 gxf5 28. Rxd7 Bxd7 29. f4 Be6 30. Bxe6 fxe6 31. Rd6 Kf7 32. Kf2 Ke7 33. Rb6 Rc7 34. h4 Nd7 35. Rb4 a5 36. Rd4 Nb6 37. h5 Rc4 38. Rxc4 Nxc4 39. b4 b6 40. Ke2 Nb2 41. Ke3 Nxa4 42. Kd4 Kf6 0-1

[Event "Cappelle op 27th"]
[Site "Cappelle la Grande"]
[Date "2011.03.03"]
[Round "7"]
[White "Bijaoui, Manuel"]
[Black "Cappon, John"]
[Result "1/2-1/2"]
[WhiteElo "2403"]
[BlackElo "2238"]
[PlyCount "102"]
[EventDate "2011.02.26"]
[EventType "swiss"]
[EventRounds "9"]
[EventCountry "FRA"]
[SourceTitle "CBM 141 Extra"]
[Source "ChessBase"]
[SourceDate "2011.05.03"]
[SourceVersion "1"]
[SourceVersionDate "2011.05.03"]
[SourceQuality "1"]

1. e4 e6 2. d4 d5 3. Nd2 Nf6 4. Bd3 c5 5. e5 Nfd7 6. c3 Nc6 7. Ne2 cxd4 8. cxd4 f6 9. exf6 Nxf6 10. 0-0 Bd6 11. Nf3 0-0 12. h3 Bd7 13. Be3 Rc8 14. Nc3 Qe8 15. Re1 Qh5 16. Rc1 h6 17. a3 Be8 18. b4 a6 19. Na4 Rc7 20. Nc5 Re7 21. Bd2 Bxc5 22. Rxc5 Bg6 23. Be2 Ne4 24. Rc1 Qf5 25. Be3 Be8 26. Rf1 Qf6 27. Nd2 Nd6 28. Nb3 Nf5 29. Bd3 Nxe3 30. fxe3 Qg5 31. Rxf8+ Kxf8 32. Qe2 e5 33. Rf1+ Rf7 34. Rxf7+ Bxf7 35. Qf2 exd4 36. exd4 Qe7 37. Nc5 Kg8 38. Qf4 Nd8 39. Kh2 Kf8 40. Qe5 Be8 41. Qf4+ Kg8 42. Bf5 g6 43. Bc8 Kh7 44. Qb8 Bc6 45. a4 Qg7 46. a5 Qe7 47. Nd3 Nf7 48. Ne5 Nxe5 49. dxe5 d4 50. Qd6 Qg5 51. Bg4 Qf4+ 1/2-1/2

[Event "Cappelle op 27th"]
[Site "Cappelle la Grande"]
[Date "2011.02.27"]
[Round "2"]
[White "Petrov, Marian"]
[Black "Bijaoui, Manuel"]
[Result "1-0"]
[WhiteElo "2535"]
[BlackElo "2403"]
[PlyCount "56"]
[EventDate "2011.02.26"]
[EventType "swiss"]
[EventRounds "9"]
[EventCountry "FRA"]
[SourceTitle "CBM 141 Extra"]
[Source "ChessBase"]
[SourceDate "2011.05.03"]
[SourceVersion "1"]
[SourceVersionDate "2011.05.03"]
[SourceQuality "1"]

1. e4 c5 2. Nf3 d6 3. d4 cxd4 4. Nxd4 Nf6 5. Nc3 a6 6. f4 e5 7. Nf3 Nbd7 8. a4 Be7 9. Bd3 0-0 10. 0-0 Nc5 11. Kh1 exf4 12. Bxf4 Bg4 13. Qe1 Rc8 14. Qg3 Be6 15. Be3 Ng4 16. Bd4 Bf6 17. Bxf6 Nxf6 18. Nd4 Nxd3 19. cxd3 Qb6 20. Nce2 Nh5 21. Qh4 g6 22. g4 Ng7 23. b3 Rc5 24. Rf6 Qb4 25. Raf1 Qd2 26. Qg3 Bxb3 27. Nxb3 Qxe2 28. Nxc5 dxc5 1-0

[Event "FRA-chT Top 16 GpA"]
[Site "France"]
[Date "2010.04.30"]
[Round "5"]
[White "Relange, Eloi"]
[Black "Bijaoui, Manuel"]
[Result "1-0"]
[WhiteElo "2455"]
[BlackElo "2410"]
[PlyCount "53"]
[EventDate "2010.03.26"]
[EventType "team-tourn"]
[EventRounds "7"]
[EventCountry "FRA"]
[SourceTitle "CBM 135 Extra"]
[Source "ChessBase"]
[SourceDate "2010.05.04"]
[SourceVersion "1"]
[SourceVersionDate "2010.05.04"]
[SourceQuality "1"]

1. d4 Nf6 2. Nf3 g6 3. c4 Bg7 4. g3 0-0 5. Bg2 d6 6. 0-0 Nc6 7. Nc3 e5 8. d5 Ne7 9. e4 Nd7 10. Ne1 f5 11. Nd3 Nf6 12. Bg5 h6 13. Bxf6 Bxf6 14. f4 exf4 15. Nxf4 c6 16. Kh1 Be5 17. Qd2 g5 18. Nd3 Bg7 19. Qe2 cxd5 20. cxd5 Bxc3 21. bxc3 fxe4 22. Rxf8+ Qxf8 23. Nf2 Bf5 24. Nxe4 Rd8 25. Re1 Ng6 26. Rf1 Re8 27. Nf6+ 1-0

[Event "FRA-chT Top 16 GpA"]
[Site "France"]
[Date "2010.03.28"]
[Round "3"]
[White "Buscara, Sevan"]
[Black "Bijaoui, Manuel"]
[Result "0-1"]
[WhiteElo "2238"]
[BlackElo "2410"]
[PlyCount "66"]
[EventDate "2010.03.26"]
[EventType "team-tourn"]
[EventRounds "7"]
[EventCountry "FRA"]
[SourceTitle "CBM 135 Extra"]
[Source "ChessBase"]
[SourceDate "2010.05.04"]
[SourceVersion "1"]
[SourceVersionDate "2010.05.04"]
[SourceQuality "1"]

1. d4 Nf6 2. Nf3 g6 3. Bf4 Bg7 4. e3 0-0 5. Be2 d6 6. 0-0 Nfd7 7. c4 e5 8. Bg3 Nc6 9. Nc3 h6 10. dxe5 Ndxe5 11. Nxe5 Nxe5 12. Qb3 Be6 13. Nd5 Rb8 14. a4 a6 15. Nf4 Bf5 16. Rad1 Nd7 17. f3 Re8 18. e4 Nc5 19. Qa3 Bd7 20. a5 Qc8 21. Nd5 Ne6 22. Bf2 c5 23. Nb6 Qc7 24. Nd5 Qd8 25. b4 Nd4 26. Bxd4 Bxd4+ 27. Kh1 Be6 28. b5 axb5 29. Nf4 b4 30. Qa4 Ra8 31. Rxd4 cxd4 32. Qxb4 Qxa5 33. Qxd6 Rad8 0-1

[Event "FRA-chT Top 16 Gp Basse"]
[Site "Le Port Marly"]
[Date "2009.05.30"]
[Round "10"]
[White "Bijaoui, Manuel"]
[Black "Bernard, Vincent"]
[Result "1/2-1/2"]
[WhiteElo "2409"]
[BlackElo "2191"]
[PlyCount "74"]
[EventDate "2009.05.28"]
[EventType "team-tourn"]
[EventRounds "11"]
[EventCountry "FRA"]
[SourceTitle "CBM 130 Extra"]
[Source "ChessBase"]
[SourceDate "2009.07.02"]
[SourceVersion "2"]
[SourceVersionDate "2009.07.15"]
[SourceQuality "1"]

1. e4 c6 2. d4 d5 3. Nd2 dxe4 4. Nxe4 Bf5 5. Ng3 Bg6 6. Bc4 Nf6 7. Nf3 e6 8. 0-0 Nbd7 9. Qe2 Be7 10. Rd1 0-0 11. Ne5 Nxe5 12. dxe5 Nd5 13. Bb3 Qc7 14. c4 Nb6 15. Bd2 Nd7 16. Bc3 Rfd8 17. f4 Nc5 18. Bc2 Bxc2 19. Qxc2 a5 20. f5 exf5 21. Nxf5 Bf8 22. Rf1 g6 23. Nd6 Bxd6 24. exd6 Qxd6 25. Rad1 Qe7 26. Rde1 Qd6 27. Be5 Qf8 28. Re3 Rd7 29. Bf6 Re8 30. Qe2 Rxe3 31. Qxe3 Ne6 32. Re1 Qd6 33. Bc3 a4 34. h3 Rd8 35. Kh1 Qf4 36. Qb6 Rd3 37. Qxb7 Rxh3+ 1/2-1/2

[Event "FRA-chT Top 16 GpB"]
[Site "France"]
[Date "2009.05.01"]
[Round "5"]
[White "Bijaoui, Manuel"]
[Black "Roos, Louis"]
[Result "1/2-1/2"]
[WhiteElo "2409"]
[BlackElo "2350"]
[PlyCount "158"]
[EventDate "2009.03.20"]
[EventType "team"]
[EventRounds "7"]
[EventCountry "FRA"]
[SourceTitle "CBM 129 Extra"]
[Source "ChessBase"]
[SourceDate "2009.05.05"]
[SourceVersion "2"]
[SourceVersionDate "2009.05.20"]
[SourceQuality "1"]

1. e4 d6 2. d4 Nf6 3. Nc3 g6 4. Nf3 Bg7 5. Be2 0-0 6. 0-0 Bg4 7. Be3 c6 8. Nd2 Bxe2 9. Qxe2 e5 10. Rfd1 Qe7 11. dxe5 dxe5 12. Nb3 Nbd7 13. Rd2 b6 14. Rad1 Rfc8 15. a4 Nf8 16. a5 Rab8 17. Qa6 Qb7 18. Qxb7 Rxb7 19. axb6 axb6 20. Rd8 Rxd8 21. Rxd8 Ng4 22. Rc8 c5 23. Nd5 f5 24. Bg5 Kf7 25. f3 Ne6 26. fxg4 Nxg5 27. exf5 Ne4 28. h4 gxf5 29. gxf5 Nd6 30. Rc6 Nxf5 31. Nxb6 e4 32. Nc4 Rd7 33. Rxc5 Ke6 34. Kf2 Nd4 35. Ncd2 Nxb3 36. Nxb3 Bxb2 37. Ke3 Rg7 38. Kxe4 Rg4+ 39. Kf3 Rxh4 40. c3 Kd6 41. c4 Bc3 42. Rd5+ Kc6 43. g4 Rh3+ 44. Ke4 Rh4 45. Kf4 Rh1 46. Kg5 Bb2 47. Nd4+ Kc7 48. c5 h6+ 49. Kg6 Bxd4 50. Rxd4 Rh4 51. Rf4 Kc6 52. Rf6+ Kxc5 53. Kf5 Rh1 54. Re6 Kd4 55. Re8 Rh4 56. Rh8 Ke3 57. Re8+ Kd4 58. Rd8+ Ke3 59. Rd5 Rh1 60. Ra5 Rh4 61. Ra4 Rh1 62. Ra3+ Kd4 63. Ra8 Ke3 64. Rh8 Rh4 65. Rh7 Kf3 66. Rb7 Ke3 67. Rb3+ Kd4 68. Rg3 Rh1 69. Ra3 Rh4 70. Rf3 Kc4 71. Rf4+ Kd3 72. Ke5 Rh1 73. Rd4+ Ke3 74. Ra4 Kf3 75. Kf5 Kg3 76. Ra3+ Kh4 77. Ra4 Rg1 78. Rf4 Kg3 79. g5 hxg5 1/2-1/2